[Event "Figueira 2023"]
[Site "?"]
[Date "2023.11.07"]
[Round "4.1"]
[White "Barski, Radoslaw"]
[Black "Bernadskiy, Vitaliy"]
[Result "1/2-1/2"]
[BlackElo "2546"]
[WhiteElo "2437"]
[LiveChessVersion "1.4.8"]

1. e4 {[%clk 1:30:56]} c5 {[%clk 1:26:54]} 2. Nf3 {[%clk 1:31:18]} d6
{[%clk 1:27:21]} 3. Bb5+ {[%clk 1:31:30]} Bd7 {[%clk 1:24:23]} 4. Bxd7+
{[%clk 1:31:40]} Qxd7 {[%clk 1:21:44]} 5. O-O {[%clk 1:31:56]} Nc6
{[%clk 1:21:43]} 6. c3 {[%clk 1:31:56]} d5 {[%clk 1:21:44]} 7. e5
{[%clk 1:30:57]} e6 {[%clk 1:12:24]} 8. d4 {[%clk 1:29:35]} Rc8 {[%clk 1:12:33]}
9. h4 {[%clk 1:10:17]} h5 {[%clk 1:07:26]} 10. dxc5 {[%clk 0:58:39]} Bxc5
{[%clk 1:07:40]} 11. Nbd2 {[%clk 0:58:56]} Nge7 {[%clk 1:04:53]} 12. Nb3
{[%clk 0:59:11]} Bb6 {[%clk 1:05:18]} 13. Bf4 {[%clk 0:59:25]} Nf5
{[%clk 1:03:39]} 14. Qe2 {[%clk 0:58:37]} Nce7 {[%clk 1:03:53]} 15. Rfd1
{[%clk 0:46:38]} Qa4 {[%clk 0:45:04]} 16. Nbd4 {[%clk 0:42:34]} Nxd4
{[%clk 0:38:55]} 17. Nxd4 {[%clk 0:42:18]} Qc4 {[%clk 0:23:17]} 18. Qf3
{[%clk 0:37:36]} Bxd4 {[%clk 0:23:28]} 19. Rxd4 {[%clk 0:36:07]} Qa6
{[%clk 0:23:42]} 20. Rd2 {[%clk 0:29:49]} Ng6 {[%clk 0:17:44]} 21. Bg3
{[%clk 0:26:49]} Rc4 {[%clk 0:17:38]} 22. b3 {[%clk 0:11:44]} Rg4
{[%clk 0:11:10]} 23. c4 {[%clk 0:09:20]} dxc4 {[%clk 0:10:02]} 24. Rd6
{[%clk 0:08:26]} Qb5 {[%clk 0:09:15]} 25. bxc4 {[%clk 0:07:40]} Qxc4
{[%clk 0:08:03]} 26. Qxb7 {[%clk 0:03:50]} O-O {[%clk 0:08:29]} 27. Qxa7
{[%clk 0:03:06]} Nxh4 {[%clk 0:08:48]} 28. Bxh4 {[%clk 0:03:07]} Rxh4
{[%clk 0:09:13]} 29. Rad1 {[%clk 0:03:10]} Qf4 {[%clk 0:06:14]} 30. g3
{[%clk 0:02:41]} Qg5 {[%clk 0:06:25]} 31. R6d4 {[%clk 0:01:52]} Rxd4
{[%clk 0:06:17]} 32. Qxd4 {[%clk 0:02:20]} Ra8 {[%clk 0:06:07]} 33. a4
{[%clk 0:02:22]} h4 {[%clk 0:05:35]} 34. g4 {[%clk 0:00:49]} Ra5 {[%clk 0:05:30]}
35. Re1 {[%clk 0:01:17]} Rd5 {[%clk 0:05:49]} 36. Qe4 {[%clk 0:01:33]} Qd2
{[%clk 0:05:47]} 37. Re2 {[%clk 0:00:57]} Qc1+ {[%clk 0:04:38]} 38. Re1
{[%clk 0:01:17]} Qc5 {[%clk 0:04:53]} 39. Rb1 {[%clk 0:00:38]} g6
{[%clk 0:03:26]} 40. Qf4 {[%clk 0:30:39]} Rd8 {[%clk 0:31:27]} 41. Rb7
{[%clk 0:24:31]} Rd1+ {[%clk 0:23:34]} 42. Kh2 {[%clk 0:24:51]} Rh1+
{[%clk 0:23:57]} 43. Kxh1 {[%clk 0:25:17]} Qc6+ {[%clk 0:24:24]} 44. Kh2
{[%clk 0:25:28]} Qxb7 {[%clk 0:24:50]} 45. g5 {[%clk 0:24:54]} Qd5
{[%clk 0:24:37]} 46. Qxh4 {[%clk 0:20:52]} 1/2-1/2

[Event "Figueira 2023"]
[Site "?"]
[Date "2023.11.07"]
[Round "4.2"]
[White "Lalit, Babu M R"]
[Black "Spraggett, Kevin"]
[Result "1/2-1/2"]
[BlackElo "2480"]
[WhiteElo "2533"]
[LiveChessVersion "1.4.8"]

1. d4 Nf6 2. c4 e6 3. Nf3 b6 4. g3 Bb7 5. Bg2 Bb4+ 6. Bd2 a5 7. O-O O-O 8. Bg5
Be7 9. Qc2 c5 10. dxc5 Be4 11. Qd2 bxc5 12. Nc3 Bc6 13. Rad1 Qb6 14. e4 h6 15.
Bh4 Re8 16. Rfe1 d6 17. Bxf6 Bxf6 18. Qxd6 Qxb2 19. Nb5 Bxb5 20. Rb1 Qxa2 21.
cxb5 a4 22. e5 Be7 23. Qc7 a3 24. Nd4 Ra4 25. Nc6 Nxc6 26. Bxc6 Bd8 27. Qd6 Rd4
28. Qxc5 Rc4 29. Qa7 Rf8 30. Ra1 Qb2 31. Qxa3 Qxa3 32. Rxa3 Bb6 33. Re2 Rd8 34.
Kg2 g5 35. h3 h5 36. Rea2 Kg7 37. Ra6 Rb8 38. R6a4 Rc5 39. Re2 Bc7 40. Rae4 Rd8
41. Rb4 Rxe5 42. Rxe5 Bxe5 43. b6 f5 44. b7 Bb8 45. Rc4 Rd2 46. Ra4 Rb2 47. Ra8
Be5 48. Kf1 g4 49. h4 Rb1+ 50. Kg2 Rb2 51. Ra5 Kf6 52. Ra8 Rb6 53. Rf8+ Ke7 54.
Rc8 Kf6 55. Rf8+ Ke7 56. Re8+ Kf7 57. Rc8 Kf6 58. Rf8+ 1/2-1/2

[Event "Figueira 2023"]
[Site "?"]
[Date "2023.11.07"]
[Round "4.3"]
[White "Janik, Igor"]
[Black "Mehar, Chinna Reddy C.H."]
[Result "1/2-1/2"]
[BlackElo "2366"]
[WhiteElo "2501"]
[LiveChessVersion "1.4.8"]

1. Nf3 {[%clk 1:30:57]} d5 {[%clk 1:30:01]} 2. c4 {[%clk 1:31:19]} c6
{[%clk 1:30:23]} 3. g3 {[%clk 1:31:43]} Bg4 {[%clk 1:30:38]} 4. Ne5
{[%clk 1:31:57]} Be6 {[%clk 1:30:25]} 5. d4 {[%clk 1:31:56]} Nd7 {[%clk 1:29:53]}
6. Nf3 {[%clk 1:32:18]} Bg4 {[%clk 1:26:23]} 7. Qb3 {[%clk 1:22:04]} Bxf3
{[%clk 1:19:52]} 8. exf3 {[%clk 1:15:53]} Qb6 {[%clk 1:19:20]} 9. cxd5
{[%clk 1:15:13]} cxd5 {[%clk 1:14:25]} 10. Qxd5 {[%clk 1:12:02]} e6
{[%clk 1:14:30]} 11. Qc4 {[%clk 0:54:34]} Ne7 {[%clk 1:12:56]} 12. Qb5
{[%clk 0:45:24]} Nc6 {[%clk 1:13:04]} 13. Qxb6 {[%clk 0:42:01]} axb6
{[%clk 1:13:14]} 14. Be3 {[%clk 0:42:26]} Nb4 {[%clk 1:13:23]} 15. Kd2
{[%clk 0:41:29]} Rxa2 {[%clk 1:10:29]} 16. Rxa2 {[%clk 0:41:45]} Nxa2
{[%clk 1:10:52]} 17. Bb5 {[%clk 0:41:57]} Bb4+ {[%clk 1:06:34]} 18. Nc3
{[%clk 0:38:33]} Ba5 {[%clk 1:06:33]} 19. Kc2 {[%clk 0:35:35]} Nb4+
{[%clk 1:01:53]} 20. Kb3 {[%clk 0:29:00]} Ke7 {[%clk 1:00:35]} 21. Rc1
{[%clk 0:24:26]} Nf6 {[%clk 0:57:15]} 22. Ne4 {[%clk 0:18:05]} Nbd5
{[%clk 0:55:45]} 23. Rc2 {[%clk 0:14:27]} Bb4 {[%clk 0:50:27]} 24. Nxf6
{[%clk 0:14:26]} gxf6 {[%clk 0:50:48]} 25. Bc4 {[%clk 0:14:19]} Nxe3
{[%clk 0:50:51]} 26. fxe3 {[%clk 0:14:43]} Bd6 {[%clk 0:51:18]} 27. f4
{[%clk 0:12:08]} Rc8 {[%clk 0:43:28]} 28. Be2 {[%clk 0:10:16]} Rxc2
{[%clk 0:40:12]} 29. Kxc2 {[%clk 0:10:45]} f5 {[%clk 0:37:33]} 30. Kc3
{[%clk 0:10:37]} Kd7 {[%clk 0:28:32]} 31. Kc4 {[%clk 0:09:52]} h6
{[%clk 0:25:06]} 32. Kb5 {[%clk 0:10:02]} Kc7 {[%clk 0:25:05]} 33. Bh5
{[%clk 0:10:09]} f6 {[%clk 0:25:33]} 34. Be2 {[%clk 0:10:07]} Kd7
{[%clk 0:24:25]} 35. Bc4 {[%clk 0:09:26]} Bc7 {[%clk 0:23:58]} 36. Ba2
{[%clk 0:08:36]} Kd6 {[%clk 0:23:21]} 37. Bb3 {[%clk 0:08:56]} Bd8
{[%clk 0:22:36]} 38. Bc4 {[%clk 0:08:23]} Bc7 {[%clk 0:22:08]} 39. Bf1
{[%clk 0:07:03]} Bd8 {[%clk 0:21:04]} 40. Bh3 {[%clk 0:36:12]} Kc7
{[%clk 0:49:49]} 41. Kc4 {[%clk 0:35:34]} Be7 {[%clk 0:49:03]} 42. Kb5
{[%clk 0:33:01]} Bd8 {[%clk 0:48:15]} 43. d5 {[%clk 0:31:15]} exd5
{[%clk 0:43:13]} 44. Bxf5 {[%clk 0:31:43]} Be7 {[%clk 0:43:05]} 45. b4
{[%clk 0:32:07]} Bd8 {[%clk 0:43:20]} 46. h4 {[%clk 0:30:40]} Kd6
{[%clk 0:43:32]} 47. h5 {[%clk 0:30:40]} Kc7 {[%clk 0:42:40]} 48. g4
{[%clk 0:30:27]} Kd6 {[%clk 0:38:50]} 49. Bc2 {[%clk 0:28:42]} d4
{[%clk 0:27:23]} 50. e4 {[%clk 0:28:20]} Bc7 {[%clk 0:27:23]} 51. Kc4
{[%clk 0:23:51]} Ke6 {[%clk 0:25:43]} 52. Kxd4 {[%clk 0:23:41]} 1/2-1/2

[Event "Figueira 2023"]
[Site "?"]
[Date "2023.11.07"]
[Round "4.4"]
[White "Solodovnichenko, Yuri"]
[Black "Grigoryan, Karen H."]
[Result "1/2-1/2"]
[BlackElo "2646"]
[WhiteElo "2490"]
[LiveChessVersion "1.4.8"]

1. e4 {[%clk 1:29:34]} e5 {[%clk 1:30:51]} 2. Nf3 {[%clk 1:29:45]} Nc6
{[%clk 1:31:10]} 3. Nc3 {[%clk 1:29:38]} Nf6 {[%clk 1:31:10]} 4. Bb5
{[%clk 1:29:56]} Nd4 {[%clk 1:31:24]} 5. Nxd4 {[%clk 1:29:35]} exd4
{[%clk 1:31:46]} 6. e5 {[%clk 1:30:00]} dxc3 {[%clk 1:32:02]} 7. exf6
{[%clk 1:30:24]} Qxf6 {[%clk 1:32:23]} 8. dxc3 {[%clk 1:30:35]} Qe5+
{[%clk 1:32:25]} 9. Qe2 {[%clk 1:30:56]} Qxe2+ {[%clk 1:32:43]} 10. Bxe2
{[%clk 1:31:20]} d5 {[%clk 1:31:45]} 11. Bf4 {[%clk 1:31:30]} c6 {[%clk 1:32:02]}
12. O-O {[%clk 1:30:10]} Be6 {[%clk 1:31:11]} 13. Rfe1 {[%clk 1:30:03]} 1/2-1/2

[Event "Figueira 2023"]
[Site "?"]
[Date "2023.11.07"]
[Round "4.5"]
[White "Safarli, Eltaj"]
[Black "Kistrup, Nicolai"]
[Result "1-0"]
[BlackElo "2330"]
[WhiteElo "2610"]
[LiveChessVersion "1.4.8"]

1. e4 e5 2. Nf3 Nc6 3. Bb5 a6 4. Ba4 Nf6 5. Nc3 b5 6. Bb3 Bc5 7. d3 d6 8. Nd5 h6
9. c3 Be6 10. Nxf6+ Qxf6 11. O-O Bxb3 12. axb3 O-O 13. b4 Bb6 14. Be3 Rfb8 15.
Bxb6 Rxb6 16. g3 a5 17. Nh4 a4 18. f4 Rf8 19. Ng2 Ne7 20. Qe2 Kh7 21. Rf2 g6 22.
Raf1 Qg7 23. Ne3 Rbb8 24. f5 gxf5 25. Nxf5 Nxf5 26. Rxf5 f6 27. Qf3 Ra8 28. Rxf6
Rxf6 29. Qxf6 Qxf6 30. Rxf6 Kg7 31. Re6 Ra7 32. Kf2 h5 33. Re7+ Kf6 34. Rd7 Kg6
35. Kf3 Kf6 36. h4 Kg6 37. g4 hxg4+ 38. Kxg4 Rb7 39. h5+ Kh6 40. Rf7 Ra7 41. Rf6+
Kh7 42. Kg5 c5 43. Rxd6 cxb4 44. cxb4 Rf7 45. Rd5 Rf2 46. Rxe5 Rxb2 47. Rxb5 1-0

[Event "Figueira 2023"]
[Site "?"]
[Date "2023.11.07"]
[Round "4.6"]
[White "Ghosh, Diptayan"]
[Black "Stella, Andrea"]
[Result "1/2-1/2"]
[BlackElo "2431"]
[WhiteElo "2570"]
[LiveChessVersion "1.4.8"]

1. c4 {[%clk 1:28:02]} c6 {[%clk 1:24:52]} 2. Nf3 {[%clk 1:26:17]} d5
{[%clk 1:25:13]} 3. g3 {[%clk 1:26:37]} dxc4 {[%clk 1:25:15]} 4. Bg2
{[%clk 1:26:43]} Bf5 {[%clk 1:25:36]} 5. Na3 {[%clk 1:24:11]} e5 {[%clk 1:25:56]}
6. Nxc4 {[%clk 1:21:09]} e4 {[%clk 1:26:16]} 7. Nh4 {[%clk 1:20:52]} Be6
{[%clk 1:26:03]} 8. Ne3 {[%clk 1:21:18]} Nf6 {[%clk 1:24:37]} 9. b3
{[%clk 1:19:21]} Qd7 {[%clk 1:10:32]} 10. Bb2 {[%clk 1:15:33]} Be7
{[%clk 1:10:52]} 11. f4 {[%clk 1:08:17]} Nd5 {[%clk 0:56:53]} 12. Bxe4
{[%clk 0:57:45]} Bxh4 {[%clk 0:55:10]} 13. gxh4 {[%clk 0:57:33]} Qe7
{[%clk 0:55:08]} 14. O-O {[%clk 0:53:16]} Nxe3 {[%clk 0:45:57]} 15. dxe3
{[%clk 0:52:35]} Bh3 {[%clk 0:45:59]} 16. Rf3 {[%clk 0:45:20]} Bg4
{[%clk 0:44:51]} 17. Rg3 {[%clk 0:44:49]} Qxe4 {[%clk 0:45:07]} 18. Rxg4
{[%clk 0:45:14]} Qxe3+ {[%clk 0:45:27]} 19. Kg2 {[%clk 0:41:26]} Qe4+
{[%clk 0:43:50]} 20. Kg1 {[%clk 0:40:36]} Qe3+ {[%clk 0:44:11]} 21. Kg2
{[%clk 0:37:06]} Qe4+ {[%clk 0:43:48]} 22. Kf2 {[%clk 0:34:25]} h5
{[%clk 0:41:56]} 23. Rxg7 {[%clk 0:33:31]} Qxf4+ {[%clk 0:41:57]} 24. Ke1
{[%clk 0:33:11]} Nd7 {[%clk 0:25:26]} 25. Qd4 {[%clk 0:27:44]} Qxd4
{[%clk 0:23:56]} 26. Bxd4 {[%clk 0:28:12]} Ke7 {[%clk 0:22:33]} 27. Kf2
{[%clk 0:26:29]} c5 {[%clk 0:18:30]} 28. Bc3 {[%clk 0:24:18]} Rag8
{[%clk 0:18:34]} 29. Rg3 {[%clk 0:18:31]} Rxg3 {[%clk 0:17:45]} 30. hxg3
{[%clk 0:19:00]} Rg8 {[%clk 0:17:38]} 31. Rd1 {[%clk 0:19:05]} Ke6
{[%clk 0:16:37]} 32. e4 {[%clk 0:19:03]} f6 {[%clk 0:08:19]} 33. Rd5
{[%clk 0:17:59]} Rh8 {[%clk 0:08:28]} 34. Ke3 {[%clk 0:08:47]} b6
{[%clk 0:07:36]} 35. Kf4 {[%clk 0:05:25]} Nf8 {[%clk 0:05:17]} 36. Ke3
{[%clk 0:04:08]} Nd7 {[%clk 0:05:10]} 37. Kf4 {[%clk 0:02:04]} Nf8
{[%clk 0:05:36]} 38. Ke3 1/2-1/2

[Event "Figueira 2023"]
[Site "?"]
[Date "2023.11.07"]
[Round "4.7"]
[White "Petkov, Vladimir"]
[Black "Prraneeth, Vuppala"]
[Result "0-1"]
[BlackElo "2512"]
[WhiteElo "2408"]
[LiveChessVersion "1.4.8"]

1. d4 Nf6 2. c4 e6 3. Nc3 Bb4 4. Nf3 d5 5. e3 O-O 6. a3 Bxc3+ 7. bxc3 c5 8. Qc2
Qc7 9. cxd5 exd5 10. c4 cxd4 11. Nxd4 Nc6 12. Bb2 Ne4 13. Nxc6 bxc6 14. Bd3 Qa5+
15. Ke2 Ba6 16. cxd5 cxd5 17. Rhc1 Rac8 18. Qd1 Nc5 19. Bxa6 Qxa6+ 20. Kf3 Qg6
21. Qxd5 h5 22. g3 Rfd8 23. Qxd8+ Rxd8 24. Rxc5 Qg4+ 25. Kg2 h4 26. Bd4 h3+ 27.
Kf1 Rc8 28. Rxc8+ Qxc8 29. Bxa7 Qa6+ 0-1

[Event "Figueira 2023"]
[Site "?"]
[Date "2023.11.07"]
[Round "4.8"]
[White "Dhulipalla, Bala Chandra Prasad"]
[Black "Das, Sayantan"]
[Result "1/2-1/2"]
[BlackElo "2500"]
[WhiteElo "2408"]
[LiveChessVersion "1.4.8"]

1. d4 {[%clk 1:30:57]} Nf6 {[%clk 1:30:31]} 2. c4 {[%clk 1:31:13]} e6
{[%clk 1:30:49]} 3. g3 {[%clk 1:31:36]} d5 {[%clk 1:30:51]} 4. Bg2
{[%clk 1:31:56]} Be7 {[%clk 1:31:02]} 5. Nf3 {[%clk 1:32:19]} O-O
{[%clk 1:31:22]} 6. Qc2 {[%clk 1:29:10]} c5 {[%clk 1:31:30]} 7. O-O
{[%clk 1:28:11]} Nc6 {[%clk 1:24:15]} 8. dxc5 {[%clk 1:23:42]} d4
{[%clk 1:22:29]} 9. Bg5 {[%clk 1:19:21]} Nd7 {[%clk 1:19:17]} 10. Bxe7
{[%clk 1:12:13]} Qxe7 {[%clk 1:19:40]} 11. b4 {[%clk 1:08:46]} Nxb4
{[%clk 1:05:38]} 12. Qb2 {[%clk 1:07:23]} Nc6 {[%clk 0:58:40]} 13. Nxd4
{[%clk 1:07:26]} Nxd4 {[%clk 0:52:23]} 14. Qxd4 {[%clk 1:07:49]} Qxc5
{[%clk 0:44:41]} 15. e3 {[%clk 0:47:18]} e5 {[%clk 0:34:46]} 16. Qc3
{[%clk 0:40:10]} Rb8 {[%clk 0:32:23]} 17. Nd2 {[%clk 0:40:09]} b6
{[%clk 0:32:06]} 18. Ne4 {[%clk 0:34:28]} Qe7 {[%clk 0:27:58]} 19. c5
{[%clk 0:20:54]} bxc5 {[%clk 0:26:43]} 20. Qa3 {[%clk 0:16:07]} a6
{[%clk 0:18:06]} 21. Rfd1 {[%clk 0:13:43]} Bb7 {[%clk 0:16:32]} 22. Rac1
{[%clk 0:12:40]} Rfd8 {[%clk 0:11:17]} 23. Nxc5 {[%clk 0:06:14]} Nxc5
{[%clk 0:08:56]} 24. Rxd8+ {[%clk 0:06:23]} Qxd8 {[%clk 0:07:48]} 25. Qxc5
{[%clk 0:06:31]} Rc8 {[%clk 0:07:35]} 26. Qa3 {[%clk 0:05:33]} Rxc1+
{[%clk 0:05:07]} 27. Qxc1 {[%clk 0:05:53]} Bxg2 {[%clk 0:05:30]} 1/2-1/2

[Event "Figueira 2023"]
[Site "?"]
[Date "2023.11.07"]
[Round "4.9"]
[White "Jacobsen, Mikkel Manosri"]
[Black "Albornoz Cabrera, Carlos Daniel"]
[Result "0-1"]
[BlackElo "2585"]
[WhiteElo "2261"]
[LiveChessVersion "1.4.8"]

1. c4 e6 2. g3 Nf6 3. Bg2 d5 4. Nf3 d4 5. O-O Nc6 6. d3 Bc5 7. Nbd2 a5 8. Nb3 Be7
9. e3 dxe3 10. Bxe3 Ng4 11. Bc5 O-O 12. Bxe7 Qxe7 13. a4 e5 14. Re1 f6 15. d4 Rd8
16. Qe2 Qb4 17. Ra3 exd4 18. Nfxd4 Nxd4 19. Nxd4 Rxd4 20. Bd5+ Rxd5 21. Qe8+ Qf8
22. cxd5 Bf5 23. Qxf8+ Kxf8 24. Rc3 Rd8 25. Rxc7 Ne5 26. Rec1 Be4 27. f4 Nf3+ 28.
Kf2 Rxd5 29. R1c5 Nxh2 30. Ke3 Rxc5 31. Rxc5 Bc6 32. Rxa5 Nf1+ 33. Kf2 Nd2 34. g4
Ke7 35. b4 Nc4 36. Ra7 Nd6 37. b5 Bd7 38. Kf3 Kd8 39. Ra8+ Kc7 40. Rg8 Ne8 41. g5
fxg5 42. fxg5 Kb6 43. Rh8 Ka5 44. Rxh7 Kxa4 45. b6 Kb5 46. Ke4 Kxb6 47. Ke5 Kc5
48. Rh2 Nd6 49. Rc2+ Nc4+ 50. Kd4+ 0-1

[Event "Figueira 2023"]
[Site "?"]
[Date "2023.11.07"]
[Round "4.10"]
[White "Urazayev, Arystanbek"]
[Black "Maisuradze, Nino"]
[Result "1-0"]
[BlackElo "2253"]
[WhiteElo "2478"]
[LiveChessVersion "1.4.8"]

1. e4 c5 {[%clk 1:27:31]} 2. Nf3 {[%clk 1:31:16]} a6 {[%clk 1:27:47]} 3. c3
{[%clk 1:30:31]} d5 {[%clk 1:28:06]} 4. exd5 {[%clk 1:30:55]} Qxd5
{[%clk 1:28:34]} 5. d4 {[%clk 1:31:17]} e6 {[%clk 1:28:43]} 6. Be3
{[%clk 1:31:10]} cxd4 {[%clk 1:28:46]} 7. cxd4 {[%clk 1:31:36]} Nf6
{[%clk 1:28:51]} 8. Nc3 {[%clk 1:31:59]} Qd8 {[%clk 1:23:22]} 9. Bd3
{[%clk 1:32:22]} Nc6 {[%clk 1:23:46]} 10. a3 {[%clk 1:32:47]} Bd6
{[%clk 1:23:48]} 11. O-O {[%clk 1:33:10]} b5 {[%clk 1:21:03]} 12. Re1
{[%clk 1:28:48]} Ne7 {[%clk 1:18:35]} 13. Bg5 {[%clk 1:25:05]} Bb7
{[%clk 1:18:32]} 14. Ne5 {[%clk 1:21:37]} Ned5 {[%clk 1:12:55]} 15. Ne4
{[%clk 1:17:13]} h6 {[%clk 1:08:12]} 16. Bh4 {[%clk 1:14:24]} Nf4
{[%clk 1:00:28]} 17. Qf3 {[%clk 0:51:08]} N4d5 {[%clk 0:39:59]} 18. Nxf6+
{[%clk 0:49:01]} gxf6 {[%clk 0:39:42]} 19. Qg4 {[%clk 0:46:46]} Bxe5
{[%clk 0:34:56]} 20. dxe5 {[%clk 0:47:05]} f5 {[%clk 0:32:49]} 21. Qg3
{[%clk 0:43:27]} Qb6 {[%clk 0:30:45]} 22. Qg7 {[%clk 0:40:31]} Rf8
{[%clk 0:31:10]} 23. Rad1 {[%clk 0:40:53]} Nf4 {[%clk 0:24:43]} 24. Bf1
{[%clk 0:39:31]} Rc8 {[%clk 0:16:37]} 25. Rd6 {[%clk 0:38:47]} Qc7
{[%clk 0:15:04]} 26. Red1 {[%clk 0:38:50]} Bd5 {[%clk 0:09:56]} 27. Rxa6
{[%clk 0:36:53]} Bc6 {[%clk 0:09:53]} 28. Qf6 {[%clk 0:32:36]} 1-0

[Event "Figueira 2023"]
[Site "?"]
[Date "2023.11.07"]
[Round "4.11"]
[White "Lach, Aleksandra"]
[Black "Del Rio De Angelis, Salvador G."]
[Result "0-1"]
[BlackElo "2424"]
[WhiteElo "2262"]
[LiveChessVersion "1.4.8"]

1. e4 c5 2. Nc3 e6 3. Nge2 Nc6 4. g3 Nf6 5. Bg2 d6 6. O-O Be7 7. f4 O-O 8. d3 Rb8
9. a4 a6 10. h3 d5 11. e5 Nd7 12. g4 b5 13. axb5 axb5 14. Ng3 b4 15. Nce2 Bb7 16.
Be3 Ra8 17. Rb1 Nb6 18. c3 Ra2 19. Nc1 Ra7 20. Nb3 d4 21. cxd4 Nxd4 22. Bxb7 Nxb3
23. Qxb3 Rxb7 24. Ne4 Rd7 25. Rbd1 Rd5 26. Qc2 c4 27. d4 f5 28. gxf5 exf5 29. Ng3
Qd7 30. Kh2 b3 31. Qg2 Ra5 32. d5 Rxd5 33. Rxd5 Nxd5 34. Bd2 Qe6 35. Rc1 Nb6 36.
Ra1 Qd5 37. Ra7 Qxg2+ 38. Kxg2 Nd5 39. Ra5 c3 40. Bxc3 Nxf4+ 41. Kh2 g6 42. Rb5
Rd8 43. Rxb3 Rd3 44. Rb8+ Kf7 45. Rb7 Ke6 46. Rb6+ Kd7 47. Rb7+ Kd8 48. e6 Nxe6
49. Be5 Re3 50. Rb5 f4 51. Rd5+ Ke8 52. Nf1 Re2+ 53. Kh1 f3 54. Bc3 Nf4 55. Re5
Nxh3 56. Re3 Rxe3 57. Nxe3 Nf2+ 58. Kg1 Ne4 59. Bd4 h5 60. Nd5 g5 61. Ne3 g4 62.
Nf5 h4 63. b4 g3 64. Ne3 Bxb4 65. Nf1 Kd7 0-1

[Event "Figueira 2023"]
[Site "?"]
[Date "2023.11.07"]
[Round "4.12"]
[White "Olsen, Filip Boe"]
[Black "Ribeiro, Gustavo"]
[Result "1-0"]
[BlackElo "2212"]
[WhiteElo "2416"]
[LiveChessVersion "1.4.8"]

1. Nf3 {[%clk 1:30:57]} d5 {[%clk 1:30:15]} 2. g3 {[%clk 1:31:18]} Nf6
{[%clk 1:30:18]} 3. Bg2 {[%clk 1:31:36]} g6 {[%clk 1:30:34]} 4. c4
{[%clk 1:30:53]} Bg7 {[%clk 1:30:16]} 5. cxd5 {[%clk 1:30:47]} Nxd5
{[%clk 1:30:41]} 6. d4 {[%clk 1:30:56]} O-O {[%clk 1:30:37]} 7. O-O
{[%clk 1:31:16]} Nb6 {[%clk 1:29:48]} 8. Nc3 {[%clk 1:31:28]} Nc6
{[%clk 1:24:14]} 9. e3 {[%clk 1:31:17]} e5 {[%clk 1:18:53]} 10. d5
{[%clk 1:24:58]} Ne7 {[%clk 1:19:18]} 11. e4 {[%clk 1:24:31]} Bg4
{[%clk 1:19:43]} 12. h3 {[%clk 1:19:36]} Bd7 {[%clk 1:14:26]} 13. a4
{[%clk 1:16:59]} c6 {[%clk 1:03:56]} 14. d6 {[%clk 1:11:51]} Nec8
{[%clk 1:04:08]} 15. b3 {[%clk 1:11:24]} a5 {[%clk 1:03:09]} 16. Ba3
{[%clk 0:57:31]} Re8 {[%clk 1:02:15]} 17. Qc2 {[%clk 0:55:02]} Bf8
{[%clk 0:57:54]} 18. Rfd1 {[%clk 0:49:52]} Qf6 {[%clk 0:57:28]} 19. Bc5
{[%clk 0:44:54]} Ra6 {[%clk 0:48:45]} 20. Rd3 {[%clk 0:44:09]} Be6
{[%clk 0:44:42]} 21. Rad1 {[%clk 0:43:22]} Nd7 {[%clk 0:44:59]} 22. Be3
{[%clk 0:42:42]} Qd8 {[%clk 0:41:14]} 23. Ng5 {[%clk 0:24:44]} Qf6
{[%clk 0:28:32]} 24. h4 {[%clk 0:22:15]} Bg4 {[%clk 0:23:39]} 25. f3
{[%clk 0:22:11]} h6 {[%clk 0:23:18]} 26. Nxf7 {[%clk 0:20:59]} Qxf7
{[%clk 0:22:24]} 27. fxg4 {[%clk 0:21:03]} Qe6 {[%clk 0:22:45]} 28. Kh2
{[%clk 0:20:33]} g5 {[%clk 0:19:57]} 29. hxg5 {[%clk 0:18:14]} Kh7
{[%clk 0:18:57]} 30. gxh6 {[%clk 0:15:50]} Bxd6 {[%clk 0:16:01]} 31. g5
{[%clk 0:15:55]} 1-0

[Event "Figueira 2023"]
[Site "?"]
[Date "2023.11.07"]
[Round "4.13"]
[White "Anustoop, Biswas"]
[Black "Sieciechowicz, Marcin"]
[Result "1/2-1/2"]
[BlackElo "2407"]
[WhiteElo "2256"]
[LiveChessVersion "1.4.8"]

1. e4 e6 2. d4 d5 3. Nd2 c5 4. Ngf3 cxd4 5. Nxd4 Nc6 6. Bb5 Bd7 7. Nxc6 bxc6 8.
Bd3 Bd6 9. Qe2 e5 10. exd5 cxd5 11. c4 Nf6 12. cxd5 Nxd5 13. Nc4 Bb4+ 14. Bd2
Bxd2+ 15. Qxd2 O-O 16. Bxh7+ Kxh7 17. Qxd5 Be6 18. Qxd8 Rfxd8 19. Ne3 f5 20. O-O
Rd2 21. b3 f4 22. Nc4 Bxc4 23. bxc4 Rc8 24. Rfc1 Rc5 25. Rd1 Rxd1+ 26. Rxd1 Rxc4
27. f3 Ra4 28. Rd5 Rxa2 29. Rxe5 Ra1+ 30. Kf2 Ra2+ 31. Kg1 Ra1+ 32. Rd5 1/2-1/2

[Event "Figueira 2023"]
[Site "?"]
[Date "2023.11.07"]
[Round "4.14"]
[White "Arpan, Das (Jr)"]
[Black "Namini, Armin"]
[Result "1-0"]
[BlackElo "2187"]
[WhiteElo "2400"]
[LiveChessVersion "1.4.8"]

1. e4 c5 2. Nf3 d6 3. d4 Nf6 4. Nc3 cxd4 5. Nxd4 Nc6 6. Bg5 e6 7. Qd3 Be7 8.
O-O-O Nxd4 9. Qxd4 a6 10. f4 b5 11. Bxf6 Bxf6 12. e5 Be7 13. exd6 Bf6 14. Qc5 Bd7
15. Ne4 O-O 16. g4 Rc8 17. Qe3 b4 18. g5 b3 19. axb3 Qa5 20. gxf6 Qa1+ 21. Kd2
Qxb2 22. Bd3 Bb5 23. Rb1 Qa3 24. fxg7 Rfd8 25. Rhg1 1-0

[Event "Figueira 2023"]
[Site "?"]
[Date "2023.11.07"]
[Round "4.15"]
[White "Santos, Antonio P"]
[Black "Romanishin, Oleg M"]
[Result "1/2-1/2"]
[BlackElo "2389"]
[WhiteElo "2195"]
[LiveChessVersion "1.4.8"]

1. d4 {[%clk 1:27:22]} Nf6 {[%clk 1:30:52]} 2. c4 {[%clk 1:27:24]} e6
{[%clk 1:31:09]} 3. Nf3 {[%clk 1:27:34]} Bb4+ {[%clk 1:30:20]} 4. Nbd2
{[%clk 1:27:52]} b6 {[%clk 1:30:01]} 5. a3 {[%clk 1:27:47]} Bxd2+
{[%clk 1:29:09]} 6. Qxd2 {[%clk 1:28:03]} Bb7 {[%clk 1:29:19]} 7. e3
{[%clk 1:27:32]} d6 {[%clk 1:28:12]} 8. b4 {[%clk 1:27:08]} Nbd7 {[%clk 1:26:49]}
9. Bb2 {[%clk 1:27:26]} O-O {[%clk 1:24:35]} 10. Be2 {[%clk 1:27:41]} Qe7
{[%clk 1:19:20]} 11. O-O {[%clk 1:19:26]} a5 {[%clk 1:18:36]} 12. Rfd1
{[%clk 0:59:36]} Ne4 {[%clk 1:15:50]} 13. Qc2 {[%clk 0:58:29]} f5
{[%clk 1:15:10]} 14. d5 {[%clk 0:49:01]} e5 {[%clk 1:14:22]} 15. Nd2
{[%clk 0:46:58]} Ndf6 {[%clk 0:56:54]} 16. f3 {[%clk 0:43:28]} Nxd2
{[%clk 0:54:32]} 17. Qxd2 {[%clk 0:43:51]} Bc8 {[%clk 0:49:57]} 18. Bc3
{[%clk 0:44:02]} axb4 {[%clk 0:50:09]} 19. axb4 {[%clk 0:41:57]} Bd7
{[%clk 0:50:33]} 20. Ra2 {[%clk 0:40:47]} Rfb8 {[%clk 0:48:46]} 21. Rda1
{[%clk 0:10:55]} Qd8 {[%clk 0:48:52]} 22. b5 {[%clk 0:09:37]} Rxa2
{[%clk 0:47:28]} 23. Qxa2 {[%clk 0:10:03]} Be8 {[%clk 0:47:39]} 24. Bd3
{[%clk 0:09:46]} Bg6 {[%clk 0:46:09]} 25. Qb1 {[%clk 0:09:50]} Qd7
{[%clk 0:37:46]} 26. Ra2 {[%clk 0:09:45]} Re8 {[%clk 0:37:55]} 27. Qa1
{[%clk 0:05:33]} Qd8 {[%clk 0:33:51]} 28. Be2 {[%clk 0:05:33]} Nd7
{[%clk 0:33:45]} 29. Bb4 {[%clk 0:05:31]} Bh5 {[%clk 0:29:27]} 30. Bf1
{[%clk 0:01:46]} Qg5 {[%clk 0:28:50]} 31. Kf2 {[%clk 0:02:05]} Qh4+
{[%clk 0:25:55]} 32. Kg1 {[%clk 0:02:32]} Qg5 {[%clk 0:26:12]} 33. Kf2
{[%clk 0:03:00]} Qh4+ {[%clk 0:25:46]} 34. Kg1 {[%clk 0:03:28]} Qg5
{[%clk 0:26:05]} 1/2-1/2